Statistics for World Map with 10 Extra Borders #5

Click here to take the quiz!

General Stats

  • This quiz has been taken 2,189 times
  • The average score is 7 of 10

Answers on the Map

Answers color-coded by a green-red scale on the quiz's map according to % correct below.
 

Answer Stats

Country% Correct
Venezuela
95%
Finland
90%
Afghanistan
88%
Poland
84%
Oman
78%
Morocco
76%
Chile
74%
South Africa
73%
Uganda
58%
Papua New Guinea
25%

Score Distribution

Percentile by Number Answered

Percent of People with Each Score

Your Score History

You have not taken this quiz